The third man; (Record no. 1526)

000 -LEADER
fixed length control field 01316nam a22004217a 4500
001 - CONTROL NUMBER
control field 774739
003 - CONTROL NUMBER IDENTIFIER
control field OSt
005 - DATE AND TIME OF LATEST TRANSACTION
control field 20210423063507.0
008 - FIXED-LENGTH DATA ELEMENTS--GENERAL INFORMATION
fixed length control field 720804s1971 enk 000 1 eng
010 ## - LIBRARY OF CONGRESS CONTROL NUMBER
LC control number 72184805
015 ## - NATIONAL BIBLIOGRAPHY NUMBER
National bibliography number B71-14810
020 ## - INTERNATIONAL STANDARD BOOK NUMBER
International Standard Book Number 0140032789
040 ## - CATALOGING SOURCE
Original cataloging agency DLC
Transcribing agency DLC
Modifying agency DLC
Language of cataloging eng
041 ## - LANGUAGE CODE
Language code of text/sound track or separate title eng
043 ## - GEOGRAPHIC AREA CODE
Geographic area code e-au---
-- e-uk---
050 00 - LIBRARY OF CONGRESS CALL NUMBER
Classification number PZ3.G8319
Item number Tg6
Classification number PR6013.R44
080 ## - UNIVERSAL DECIMAL CLASSIFICATION NUMBER
Universal Decimal Classification number 821.111
Item number G-78
082 00 - DEWEY DECIMAL CLASSIFICATION NUMBER
Classification number 823/.9/12
100 1# - MAIN ENTRY--PERSONAL NAME
Personal name Greene, Graham,
Dates associated with a name 1904-1991.
245 14 - TITLE STATEMENT
Title The third man;
Remainder of title and, The fallen idol.
Statement of responsibility, etc. / by: A Penguin Book
260 ## - PUBLICATION, DISTRIBUTION, ETC.
Place of publication, distribution, etc. Harmondsworth,
Name of publisher, distributor, etc. A Penguin Book
Date of publication, distribution, etc. 1971
300 ## - PHYSICAL DESCRIPTION
Extent 157 p.
Dimensions 18 cm.
350 ## - PRICE (NR) (BK AM CF MU VM SE) [OBSOLETE]
Price £0.25
365 ## - TRADE PRICE
Price amount 4.95 usd
500 ## - GENERAL NOTE
General note The fallen idol was first published as The basement room in 1935.
650 #0 - SUBJECT ADDED ENTRY--TOPICAL TERM
Topical term or geographic name entry element British
Geographic subdivision Austria
General subdivision Fiction.
650 #0 - SUBJECT ADDED ENTRY--TOPICAL TERM
Topical term or geographic name entry element English literature
9 (RLIN) 247
650 #0 - SUBJECT ADDED ENTRY--TOPICAL TERM
Topical term or geographic name entry element Criminals
General subdivision Fiction.
650 #0 - SUBJECT ADDED ENTRY--TOPICAL TERM
Topical term or geographic name entry element Diplomats
General subdivision Fiction.
650 #0 - SUBJECT ADDED ENTRY--TOPICAL TERM
Topical term or geographic name entry element Master and servant
General subdivision Fiction.
651 #0 - SUBJECT ADDED ENTRY--GEOGRAPHIC NAME
Geographic name Vienna (Austria)
General subdivision Fiction.
653 ## - INDEX TERM--UNCONTROLLED
Uncontrolled term ინგლისური ლიტერატურა
655 #7 - INDEX TERM--GENRE/FORM
Genre/form data or focus term Detective and mystery stories.
Source of term gsafd
700 12 - ADDED ENTRY--PERSONAL NAME
Personal name Greene, Graham,
Dates associated with a name 1904-1991.
Title of a work Basement room.
740 0# - ADDED ENTRY--UNCONTROLLED RELATED/ANALYTICAL TITLE
Uncontrolled related/analytical title Fallen idol.
906 ## - LOCAL DATA ELEMENT F, LDF (RLIN)
a 7
b cbc
c orignew
d 3
e ncip
f 19
g y-gencatlg
942 ## - ADDED ENTRY ELEMENTS (KOHA)
Source of classification or shelving scheme
Koha item type Books
Holdings
Withdrawn status Lost status Source of classification or shelving scheme Damaged status Not for loan Permanent location Current location Date acquired Inventory number Total Checkouts Full call number Barcode Date last seen Price effective from Koha item type
          Ken Walker International University Ken Walker International University 02/18/2021 1664   821.111 G-78 1664 02/18/2021 02/18/2021 Books

Powered by Koha